[Event "12. Lovsprings EMT Mesterklassen 2001"]
[Site "Ringsted"]
[Date "2001.04.20"]
[Round "6"]
[White "Abildlund, Jens"]
[Black "Nielsen, Max"]
[Result "1/2-1/2"]
[WhiteElo "2096"]
[BlackElo "2213"]
[PlyCount "83"]
[EventDate "2001.??.??"]

1. d4 Nf6 2. Nf3 g6 3. c4 Bg7 4. Nc3 d6 5. e4 O-O 6. Be2 Nbd7 7. O-O e5 8. Qc2
c6 9. Rd1 exd4 10. Nxd4 Qe7 11. f3 Re8 12. Bg5 Nc5 13. Qd2 Nfxe4 14. fxe4 Bxd4+
15. Qxd4 Qxg5 16. Bf3 Bg4 17. Rf1 Bxf3 18. Rxf3 Qe5 19. Qf2 Re7 20. Rf1 Rf8 21.
Rd1 Nxe4 22. Qxa7 Nxc3 23. Rxc3 Qe2 24. Rb1 Qd2 25. Qf2 Re2 26. Qf3 Re1+ 27.
Rxe1 Qxe1+ 28. Qf1 Qd2 29. Qf2 Qd1+ 30. Qf1 Qxf1+ 31. Kxf1 Rd8 32. Rb3 Rd7 33.
a4 f6 34. a5 Kf7 35. Rb6 Rc7 36. b4 Ke6 37. Ke2 f5 38. Kd3 Ke5 39. b5 cxb5 40.
Rxb5+ Rc5 41. Rxb7 Rxa5 42. Re7+ 1/2-1/2

[Event "12. Lovsprings EMT Mesterklassen 2001"]
[Site "Ringsted"]
[Date "2001.04.20"]
[Round "6"]
[White "Jensen, Leif"]
[Black "Pedersen, Hans Dahl"]
[Result "0-1"]
[WhiteElo "2052"]
[BlackElo "2143"]
[PlyCount "72"]
[EventDate "2001.??.??"]

1. e4 c5 2. f4 Nc6 3. g3 g6 4. Bg2 Bg7 5. c3 e5 6. d3 Nge7 7. Nf3 d6 8. Be3 O-O
9. fxe5 Nxe5 10. Nxe5 Bxe5 11. d4 cxd4 12. Bxd4 Nc6 13. Bxe5 dxe5 14. Qxd8 Rxd8
15. Na3 Be6 16. b3 Rd3 17. Rc1 Rad8 18. O-O Rd2 19. Rc2 a5 20. Rxd2 Rxd2 21.
Rf2 Rd1+ 22. Rf1 Rd3 23. Rf3 Rd8 24. Bf1 Rd1 25. Kg2 Ra1 26. Rf2 a4 27. bxa4
Bxa2 28. Nc2 Rc1 29. Bb5 Bb1 30. Bd3 Na5 31. Kf3 Nb3 32. Ke3 Nc5 33. Bc4 Rxc2
34. Bxf7+ Kg7 35. Bd5 Rxf2 36. Kxf2 Bxe4 0-1

[Event "12. Lovsprings EMT Mesterklassen 2001"]
[Site "Ringsted"]
[Date "2001.04.24"]
[Round "7"]
[White "Pedersen, Hans Dahl"]
[Black "Hovmoller, Kristian"]
[Result "0-1"]
[WhiteElo "2143"]
[BlackElo "2148"]
[PlyCount "82"]
[EventDate "2001.??.??"]

1. c4 Nf6 2. g3 c5 3. Bg2 Nc6 4. Nc3 g6 5. d3 Bg7 6. Nf3 d6 7. O-O Bd7 8. a3 a6
9. Rb1 Rb8 10. b4 cxb4 11. axb4 b5 12. cxb5 axb5 13. Bf4 O-O 14. Qd2 Qb6 15. h3
Rfc8 16. Rfc1 Qd8 17. g4 h5 18. g5 Ne8 19. Nd5 Be6 20. Ne1 Nd4 21. Rxc8 Rxc8
22. Be3 Bxd5 23. Bxd5 Qc7 24. Bxd4 Bxd4 25. Qf4 e5 26. Qe4 Kg7 27. Bb7 Rd8 28.
Qd5 Qd7 29. Kg2 Nc7 30. Qc6 Qe7 31. Nf3 Ne6 32. e3 Rb8 33. Nxd4 exd4 34. Ba6
Qxg5+ 35. Kf1 Qf5 36. Ke2 Qe5 37. Qe4 Qxe4 38. dxe4 Nc7 39. exd4 Nxa6 40. Ke3
Rc8 41. Kd3 Rc4 0-1

[Event "12. Lovsprings EMT Mesterklassen 2001"]
[Site "Ringsted"]
[Date "2001.04.24"]
[Round "7"]
[White "Krogh, Peter Ove"]
[Black "Pedersen, Henrik Dahl"]
[Result "0-1"]
[WhiteElo "1992"]
[BlackElo "2150"]
[PlyCount "56"]
[EventDate "2001.??.??"]

1. c4 Nf6 2. Nc3 g6 3. e4 d6 4. d4 Bg7 5. Bd3 O-O 6. Nge2 e5 7. d5 Na6 8. f3
Nc5 9. Be3 a5 10. Bc2 Bd7 11. Rb1 Ne8 12. a3 f5 13. b4 axb4 14. axb4 fxe4 15.
fxe4 Na6 16. Ng1 Bh6 17. Qd2 Bxe3 18. Qxe3 c5 19. b5 Nb4 20. Bd1 Nf6 21. Qg3
Ra3 22. Rb3 Rxb3 23. Bxb3 Nh5 24. Qe3 Nf4 25. Kd2 Nxg2 26. Qg3 Nh4 27. Bd1 Qf6
28. Ke3 Qf1 0-1

[Event "12. Lovsprings EMT Mesterklassen 2001"]
[Site "Ringsted"]
[Date "2001.04.27"]
[Round "7"]
[White "Abildlund, Jens"]
[Black "Christensen, Henrik"]
[Result "1/2-1/2"]
[WhiteElo "2096"]
[BlackElo "1929"]
[PlyCount "83"]
[EventDate "2001.??.??"]

1. d4 d5 2. Nf3 c6 3. c3 Bf5 4. Qb3 Qb6 5. h3 h6 6. g4 Qxb3 7. axb3 Bh7 8. Bf4
Nd7 9. Nbd2 Ngf6 10. Bg2 e6 11. O-O Ne4 12. Nxe4 Bxe4 13. Nd2 Bxg2 14. Kxg2 a6
15. b4 f6 16. Nb3 O-O-O 17. Na5 Nb8 18. f3 Bd6 19. Bxd6 Rxd6 20. e4 Rdd8 21.
Nb3 Nd7 22. Rae1 Rhe8 23. f4 b6 24. Rf2 Re7 25. exd5 cxd5 26. Rfe2 Rde8 27. Nd2
g5 28. c4 gxf4 29. cxd5 e5 30. Ne4 Rg8 31. Nd6+ Kb8 32. Rc2 h5 33. Rec1 hxg4
34. Rc8+ Rxc8 35. Rxc8+ Ka7 36. hxg4 Rh7 37. Kf3 Rh3+ 38. Ke4 f3 39. Rc7+ Kb8
40. Rb7+ Ka8 41. Rxd7 f2 42. Rc7 1/2-1/2

[Event "12. Lovsprings EMT Mesterklassen 2001"]
[Site "Ringsted"]
[Date "2001.04.27"]
[Round "7"]
[White "Nielsen, Max"]
[Black "Eddy, Samuel"]
[Result "1/2-1/2"]
[WhiteElo "2213"]
[BlackElo "1982"]
[PlyCount "49"]
[EventDate "2001.??.??"]

1. e4 c5 2. Nf3 d6 3. d4 cxd4 4. Nxd4 Nf6 5. Nc3 a6 6. f3 e5 7. Nb3 Be7 8. Be3
Be6 9. Qd2 O-O 10. O-O-O a5 11. Bb5 Nc6 12. Qf2 Qb8 13. Kb1 Ne8 14. Nd5 Bxd5
15. exd5 Na7 16. Bxe8 Rxe8 17. Nxa5 Rc8 18. Bb6 Nb5 19. Qe2 Nc7 20. Nb3 Ra6 21.
Bxc7 Qxc7 22. Rd3 Qd7 23. Nc1 Bg5 24. Rb3 Rc5 25. Rd1 1/2-1/2